|
|
|
|
| LEADER |
00000nam a2200000 a 4500 |
| 001 |
vtls010099905 |
| 003 |
SK-MaSNL |
| 005 |
20260302081546.0 |
| 008 |
240314s2009 xxua g 001 0 eng |
| 020 |
|
|
|a 9780801894039
|q (brož.)
|
| 020 |
|
|
|a 0801894039
|q (brož.)
|
| 040 |
|
|
|a SNK
|b slo
|c SNK
|e AACR2
|
| 041 |
0 |
|
|a eng
|
| 043 |
|
|
|a n-us---
|
| 044 |
|
|
|a xxu
|c US
|
| 072 |
|
7 |
|a 328
|x Zastupiteľské orgány. Vlády. Politické systémy jednotlivých krajín
|2 konspekt
|
| 080 |
|
|
|a 328.1
|2 2001
|
| 080 |
|
|
|a 342.537.3/.5
|2 2001
|
| 080 |
|
|
|a (73)
|2 2001
|
| 080 |
|
|
|a (048.8)
|2 2001
|
| 100 |
1 |
|
|a Rawls, W. Lee
|4 aut
|9 747286
|
| 245 |
1 |
0 |
|a In praise of deadlock
|b how partisan struggle makes better laws
|c W. Lee Rawls
|
| 260 |
|
|
|a Washington
|b Woodrow Wilson Center Press
|c c2009
|
| 300 |
|
|
|a x, 144 s.
|b ilustr.
|c 20 cm
|
| 504 |
|
|
|a Obsahuje bibliogr. a reg.
|
| 610 |
1 |
7 |
|a Spojené štáty americké.
|b Congress
|2 SNKKA
|9 151682
|
| 650 |
0 |
7 |
|a zákonodarné orgány
|2 SNKPH
|9 3645
|
| 650 |
0 |
7 |
|a zákonodarstvo
|2 SNKPH
|9 1153
|
| 651 |
|
7 |
|a Spojené štáty americké
|2 SNKPH
|9 18262
|
| 655 |
|
7 |
|a monografie
|2 SNKPH
|9 70139
|
| 919 |
|
|
|a 978-0-8018-9403-9
|
| 919 |
|
|
|a 0-8018-9403-9
|
| 999 |
|
|
|c 1176935
|d 1178865
|
| 952 |
|
|
|a SNK
|b SNK
|y VYP
|7 0
|p 17A0664647
|o snkID 98450
|i snk2010/14620
|8 2
|g 16.00
|0 0
|1 0
|4 0
|d 2010-05-26
|l 0
|r 2026-02-24 21:25:41
|w 2026-02-24
|